[Event "WchT ICSC Silent 19th"]
[Site "Chiavenna"]
[Date "2019.12.14"]
[Round "1.1"]
[White "Sivaram, J."]
[Black "Cechi, Goran"]
[Result "1/2-1/2"]
[WhiteElo "1181"]
[BlackElo "2030"]
[PlyCount "69"]
[EventDate "2019.12.14"]
[EventType "team-tourn"]
[EventRounds "9"]
[EventCountry "ITA"]
[SourceTitle "CBM 193 Extra"]
[Source "ChessBase"]
[SourceDate "2020.01.31"]
[SourceVersion "1"]
[SourceVersionDate "2020.01.31"]
[SourceQuality "1"]
[WhiteTeam "India"]
[BlackTeam "Croatia"]
[WhiteTeamCountry "IND"]
[BlackTeamCountry "CRO"]

1. e4 e6 2. Nf3 d5 3. exd5 exd5 4. d4 Bd6 5. Bd3 Bg4 6. h3 Bh5 7. Nc3 c6 8. Be3 Ne7 9. Qe2 Qa5 10. g4 Bg6 11. 0-0-0 Nd7 12. Bd2 Qc7 13. Kb1 0-0-0 14. Bf4 Bxf4 15. Qxe7 Rde8 16. Qa3 Kb8 17. Rhe1 Bd6 18. Qb3 Bxd3 19. Rxe8+ Rxe8 20. Rxd3 Nb6 21. a3 Nc4 22. Nd2 Re1+ 23. Ka2 Nxd2 24. Rxd2 Qe7 25. Qa4 Qh4 26. Qa5 b6 27. Qa4 Kb7 28. Nxd5 cxd5 29. Qd7+ Bc7 30. Qxd5+ Kc8 31. Qa8+ Kd7 32. Qd5+ Kc8 33. Qa8+ Kd7 34. Qd5+ Kc8 35. Qa8+ 1/2-1/2